Veřejné finance učebnice

Salvato in:
Dettagli Bibliografici
Autore principale: Hamerníková, Bojka
Altri autori: Kubátová, Květa
Natura: Libro
Lingua:ceco
inglese
Pubblicazione: Praha Eurolex Bohemia 2000
Soggetti:
Tags: Aggiungi Tag
Nessun Tag, puoi essere il primo ad aggiungerne!!

MARC

LEADER 00000nam a2200000 4500
001 c124285
005 20221108093510.3
020 |a 80-902752-1-4 
041 0 |a cze 
041 0 |a eng 
044 |a CZ 
245 1 0 |a Veřejné finance  |b učebnice  |c Bojka Hamerníková a Květa Kubátová 
264 1 |a Praha  |b Eurolex Bohemia  |c 2000 
300 |a 402 s. 
610 2 0 |a financie verejné 
610 2 0 |a výdavky verejné 
610 2 0 |a projekty 
610 2 0 |a dane 
610 2 0 |a zabezpečenie sociálne 
610 2 0 |a politika fiškálna 
610 2 0 |a nerovnováha hospodárska 
610 2 0 |a Česko 
610 2 0 |a sektor verejný 
100 1 |a Hamerníková, Bojka 
700 1 |a Kubátová, Květa